|
|
|
|
| LEADER |
00000nab#a22000007a#4500 |
| 001 |
arbauad007087 |
| 003 |
AR-BaUAD |
| 005 |
20250711110820.0 |
| 008 |
941122|||||||||###||||||b###|0###a|spa|| |
| 040 |
|
|
|a AR-BaUAD
|c AR-BaUAD
|b spa
|
| 100 |
|
|
|a Davey, Peter
|
| 245 |
|
|
|a Making an entrance /
|c Peter Davey;
|
| 300 |
0 |
|
|b axonom., cortes, il., plantas, vistas
|
| 653 |
|
|
|a STANISLAS, FISZER
|
| 653 |
|
|
|a PARIS
|
| 653 |
|
|
|a FRANCIA
|
| 653 |
|
|
|a PLAZAS
|
| 653 |
|
|
|a ESPACIO PUBLICO
|
| 653 |
|
|
|a PLAZAS SECAS
|
| 773 |
0 |
|
|t ARCHITECTURAL REVIEW
|g no. 1165 [mar. 1994], p. 43-45
|
| 942 |
|
|
|c ARTI
|
| 952 |
|
|
|0 0
|1 0
|4 0
|7 0
|9 52007
|a AR-BAuAD
|b AR-BAuAD
|d 2025-07-11
|l 0
|p AAQA007087
|r 2025-07-11 11:08:20
|w 2025-07-11
|y ARTI
|
| 990 |
|
|
|a AQ199
|b TD
|
| 998 |
|
|
|a AAQ
|b BIBUN76
|
| 999 |
|
|
|c 31680
|d 31680
|